=LDR 00000nam 2200000 4500 =001 INLIS000000000020706 =005 20140318115540.0 =006 =007 =008 Ind =035 ##$$a 0010-061300000020706 =041 ##$$a Ind =090 ##$$a 658.403 8, Sco p =100 ##$$a Scott, George M =245 ##$$a Prinsip-prinsip sistem informasi manjemen, George M. Scott ; diterjemahkan oleh Ahmad Nasir Budiman =250 ##$$a Ed.1 =260 ##$$a 1994 $b Jakarta =300 ##$$a xv, 625 hlm, ilus, 23 cm =650 ##$$a Manajemen informasi =850 ##$$a NBPNMAT